Capital gains tax indexation allowance disposals after 5 April 1988 (Record no. 93096)

MARC details
000 -LEADER
fixed length control field 00481cam a2200181 4500
001 - CONTROL NUMBER
control field B2850
008 - FIXED-LENGTH DATA ELEMENTS--GENERAL INFORMATION
fixed length control field 090401t1989 xxu||||| |||| 00| 0 eng d
035 ## - SYSTEM CONTROL NUMBER
System control number (Sirsi) u52531
041 ## - LANGUAGE CODE
Language code of text/sound track or separate title eng
050 ## - LIBRARY OF CONGRESS CALL NUMBER
Classification number 336.2424
110 ## - MAIN ENTRY--CORPORATE NAME
Corporate name or jurisdiction name as entry element Board of Inland Revenue
9 (RLIN) 1066
245 ## - TITLE STATEMENT
Title Capital gains tax indexation allowance disposals after 5 April 1988
260 ## - PUBLICATION, DISTRIBUTION, ETC.
Place of publication, distribution, etc. London
Name of publisher, distributor, etc. Board of Inland Revenue
Date of publication, distribution, etc. 1989
300 ## - PHYSICAL DESCRIPTION
Extent 17p. ; 21x10cm.
350 ## - PRICE (NR) (BK AM CF MU VM SE) [OBSOLETE]
Price 0
942 ## - ADDED ENTRY ELEMENTS (KOHA)
Suppress in OPAC 0
948 ## - LOCAL PROCESSING INFORMATION (OCLC); SERIES PART DESIGNATOR (RLIN)
c (OCLC) 04/03/1997
Holdings
Withdrawn status Lost status Source of classification or shelving scheme Damaged status Not for loan Home library Current library Shelving location Date acquired Total Checkouts Full call number Barcode Date last seen Copy number Price effective from Koha item type
    Dewey Decimal Classification     London London Pamphlets 14/09/1999   P336.2424 30001941 06/08/2019 1 06/08/2019 Book